000 00219nam a2200121Ia 4500
100 _a#N/A
942 _cBK
245 _aJAVA EE6 for Beginners
260 _b#N/A
082 _b21561
546 _aENGLISH
999 _c20745
_d20745